Kierunki przemian ksztalcenia ekonomistów w Polsce

Saved in:
Bibliographic Details
Other Authors: Wesolowski, Aleksander
Format: Book
Language:Polish
English
Published: Poznan Wydawnictwo Akademii Ekonomicznej w Poznaniu 1994
Edition:1. wyd.
Series:Zeszyty naukowe Zeszyt 220
Subjects:
Tags: Add Tag
No Tags, Be the first to tag this record!

MARC

LEADER 00000nam a2200000 4500
001 c020960
005 20250509102646.3
041 0 |a pol 
041 0 |a eng 
044 |a PL 
245 1 0 |a Kierunki przemian ksztalcenia ekonomistów w Polsce  |c Ved. red. Aleksander Wesolowski 
250 |a 1. wyd. 
264 1 |a Poznan  |b Wydawnictwo Akademii Ekonomicznej w Poznaniu  |c 1994 
300 |a 71 s. 
490 1 |a Zeszyty naukowe  |v Zeszyt 220 
830 0 |a Zeszyty naukowe  |v Zeszyt 220 
610 2 0 |a veda ekonomická 
610 2 0 |a ekonómia 
610 2 0 |a pracovníci 
610 2 0 |a pracovníci vedeckí 
610 2 0 |a štúdium vysokoškolské 
610 2 0 |a transformácia 
610 2 0 |a reformy školské 
610 2 0 |a študenti 
610 2 0 |a školy vysoké 
610 2 0 |a Poľsko 
700 1 |a Wesolowski, Aleksander